Recolección de tejidos biológicos para análisis genéticos (Registro nro. 20019)

Detalles MARC
000 -CABECERA
Campo de control 01264nam a2200325 a 4500
005 - FECHA Y HORA DE LA ULTIMA TRANSACCION
Campo de control 20200104041801.0
008 - ELEMENTOS DE LONGITUD FIJA—INFORMACION GENERAL
Campo de control 171212b2017 ck ad||fr|||| 00| 0 spa d
020 ## - ISBN
ISBN 9789585418172
040 ## - FUENTE DE CATALOGACIÓN
Agencia catalogadora original CO-BoIAVH
Agencia transcriptora CO-BoIAVH
041 0# - IDIOMA
Código de idioma para texto/pista de sonido o título separado Español
044 ## - PAÍS DE PUBLICACIÓN
País de publicación Colombia
082 04 - NUMERO DE CLASIFICACION DECIMAL DEWEY
Número de clasificación 571.538
Número del ítem G64r
110 #2 - ASIENTO PRINCIPAL--NOMBRE CORPORATIVO
Nombre corporativo o de jurisdicción como elemento de entrada Instituto de Investigación de Recursos Biológicos Alexander von Humboldt
9 (RLIN) 204
245 10 - MENCION DE TITULO
Título Recolección de tejidos biológicos para análisis genéticos
260 ## - PUBLICACION, DISTRIBUCION, ETC. (PIE DE IMPRENTA)
Lugar de publicación, distribución, etc. Bogotá (Colombia) :
Nombre del editor, distribuidor, etc. Instituto de Investigación de Recursos Biológicos Alexander von Humboldt,
Fecha de publicación, distribución, etc. 2017.
300 ## - DESCRIPCION FISICA
Extensión 33 páginas :
Otros detalles físicos gráficas e ilustraciones a color ;
Dimensiones 19.5 x 27 cm .
504 ## - NOTA DE BIBLIOGRAFIA, ETC.
Nota de bibliografía Incluye referencias bibliográficas.
650 26 - ASIENTO SECUNDARIO DE MATERIA - TERMINO TEMATICO
Término temático o nombre geográfico como elemento de entrada Tejidos
Subdivisión general muestreo
9 (RLIN) 87848
650 26 - ASIENTO SECUNDARIO DE MATERIA - TERMINO TEMATICO
Término temático o nombre geográfico como elemento de entrada Tejidos biológicos
9 (RLIN) 87780
650 26 - ASIENTO SECUNDARIO DE MATERIA - TERMINO TEMATICO
Término temático o nombre geográfico como elemento de entrada Tejidos animales
Subdivisión general preservación
9 (RLIN) 87849
650 26 - ASIENTO SECUNDARIO DE MATERIA - TERMINO TEMATICO
Término temático o nombre geográfico como elemento de entrada Tejidos vegetales
Subdivisión general preservación
9 (RLIN) 87850
650 26 - ASIENTO SECUNDARIO DE MATERIA - TERMINO TEMATICO
Término temático o nombre geográfico como elemento de entrada Genética
9 (RLIN) 87851
650 26 - ASIENTO SECUNDARIO DE MATERIA - TERMINO TEMATICO
Término temático o nombre geográfico como elemento de entrada Análisis genéticos
9 (RLIN) 87784
650 26 - ASIENTO SECUNDARIO DE MATERIA - TERMINO TEMATICO
Término temático o nombre geográfico como elemento de entrada Tejidos
Subdivisión general muestreo
9 (RLIN) 87848
650 26 - ASIENTO SECUNDARIO DE MATERIA - TERMINO TEMATICO
Término temático o nombre geográfico como elemento de entrada Colecciones biológicas
9 (RLIN) 4146
700 1# - ASIENTO SECUNDARIO - NOMBRE PERSONAL
Nombre personal González, Mailyn A.
Término de relación Editora
9 (RLIN) 83652
700 1# - ASIENTO SECUNDARIO - NOMBRE PERSONAL
Nombre personal Arenas-Castro, Henry
Término de relación Editor
9 (RLIN) 87788
856 ## - LOCALIZACION Y ACCESO ELECTRONICOS
Identificador Uniforme del Recurso http://hdl.handle.net/20.500.11761/33659
942 ## - ELEMENTOS ADICIONALES (KOHA)
Sistema de clasificación Dewey Decimal Classification
Tipo de ítem Libro
Existencias
Withdrawn status Lost status Sistema de Clasificación Damaged status No para préstamo Colección Ubicación Permanente Ubicación actual Fecha de adquisición Total Checkouts Número topográfico Inventario / Código de Barras Date last seen Date checked out Ejemplar Price effective from Forma de adquisición Tipo de material
    Dewey Decimal Classification     Humboldt Bogotá Bogotá 12/12/2017 1 IAVH-571.538 G64r 043415 10/07/2023 05/07/2023 Ej. 1 12/12/2017 Institucional Libro
    Dewey Decimal Classification     Humboldt Bogotá Bogotá 14/12/2017 1 IAVH-571.538 G64r 043363 10/07/2023 05/07/2023 Ej. 2 14/12/2017 Institucional Libro
    Dewey Decimal Classification     Humboldt Sala Fabio Quevedo Sala Fabio Quevedo 14/12/2017 1 IAVH-571.538 G64r 043357 18/03/2019 14/02/2019 Ej. 3 14/12/2017 Institucional Libro
    Dewey Decimal Classification     Humboldt Villa de Leyva Villa de Leyva 14/12/2017   IAVH-571.538 G64r 043372 14/12/2017   Ej. 4 14/12/2017 Institucional Libro